|
|
|
|
| LEADER |
00923nam a2200229 a 4500 |
| 001 |
00025478 |
| 008 |
120704r20061996enka 000 0 eng |
| 020 |
|
|
|a 8175961406
|
| 020 |
|
|
|a 9788175961401
|
| 040 |
|
|
|a BD-DhAAL
|c BD-DhAAL
|
| 082 |
0 |
4 |
|a 428.6
|2 20
|
| 100 |
1 |
|
|a Prater, John.
|
| 245 |
1 |
0 |
|a Nishal's Box /
|c John Prater.
|
| 260 |
|
|
|a Cambridge :
|b Cambridge University Press ;
|a Cambridge house :
|b New Delhi,
|c c1996.[reprinted 2006]
|
| 300 |
|
|
|a 24 p. :
|b col. ill. ;
|c 23cm.
|
| 490 |
0 |
|
|a Cambridge reading
|
| 541 |
1 |
|
|e 00025478
|
| 650 |
|
0 |
|a Readers
|x Juvenile literature.
|
| 653 |
|
1 |
|a English language
|a Reading books
|
| 852 |
1 |
|
|a Ayesha Abed library
|c General Shelf
|
| 999 |
|
|
|c 12480
|d 12480
|
| 952 |
|
|
|0 0
|1 0
|2 ddc
|4 0
|6 428_600000000000000_PRA
|7 0
|9 20642
|a BRACUL
|b BRACUL
|c GEN
|d 2012-07-04
|e karim International
|g 76.50
|l 1
|o 428.6 PRA
|p 3010025478
|r 2026-02-17
|s 2026-02-01
|t 1
|w 2012-07-04
|y BK
|x Transferred from BIL to BRACUL on 06/06/22
|